Statistics for Movies By 1 Actor and 1 Actress - Samuel L. Jackson Edition

Click here to take the quiz!

General Stats

  • This quiz has been taken 15 times
  • The average score is 13 of 33

Answer Stats

CastMovie% Correct
John Travolta, Uma ThurmanPulp Fiction
100%
Jamie Foxx, Kerry WashingtonDjango Unchained
67%
James McAvoy, Anya Taylor-JoyGlass
67%
Robert Downey Jr., Gwyneth PaltrowIron Man
67%
Tom Hiddleston, Scarlett JohanssonThe Avengers
67%
Ray Liotta, Lorraine BraccoGoodfellas
58%
Sam Neill, Laura DernJurassic Park
58%
Brie Larson, Ben MendelsohnCaptain Marvel
50%
Pam Grier, Robert ForsterJackie Brown
50%
Jennifer Jason Leigh, Kurt RussellThe Hateful Eight
50%
Matthew McConaughey, Sandra BullockA Time To Kill
42%
Christina Ricci, Justin TimberlakeBlack Snake Moan
42%
Bruce Willis, Colleen CampDie Hard with a Vengeance
42%
Danny Aiello, Rosie PerezDo the Right Thing
42%
Tom Holland, ZendayaSpider-Man: Far From Home
42%
Will Ferrell, Eva MendesThe Other Guys
42%
Bruce Willis, Robin WrightUnbreakable
42%
Thomas Jane, Saffron BurrowsDeep Blue Sea
33%
Wesley Snipes, Halle BerryJungle Fever
33%
Josh Brolin, Elizabeth OlsenOldboy
33%
John C. Reilly, Gwyneth PaltrowHard Eight
25%
Tom Hiddleston, Brie LarsonKong: Skull Island
25%
Denzel Washington, Cynda WilliamsMo Better Blues
25%
Colin Farrell, Michelle RodriguezS.W.A.T.
25%
Meat Loaf, Emily MortimerThe 51st State
25%
Ryan Reynolds, Salma HayekThe Hitman's Bodyguard
25%
Margot Robbie, Alexander SkarsgardThe Legend of Tarzan
25%
Liam Neeson, Natalie PortmanThe Phantom Menace
25%
Maggie Q, Michael KeatonThe Protege
25%
Rick Gonzales, AshantiCoach Carter
17%
Colin Firth, Sofia BoutellaKingsman: The Secret Service
17%
Tyrin Turner, Jada Pinkett SmithMenace II Society
17%
Christian Bale, Toni ColletteShaft
17%

Score Distribution

Percentile by Number Answered

Percent of People with Each Score

Your Score History

You have not taken this quiz